书目信息 |
| 题名: |
大学英语全新版综合教程
|
|
| 作者: | 季佩英 , 吴晓真 主编 | |
| 分册: | 1 教师用书 | |
| 出版信息: | 上海 上海外语教育出版社 2001 |
|
| 页数: | 168页 | |
| 开本: | 24cm | |
| 丛书名: | 大学英语系列教材 | |
| 单 册: | ||
| 中图分类: | H319.4 | |
| 科图分类: | ||
| 主题词: | 英语--高等学校--教学参考资料 , 阅读教学 , 英语 | |
| 电子资源: | ||
| ISBN: | 7-81080-196-1 | |
| 000 | 01067nam2 2200313 45 | |
| 001 | 012004000000 | |
| 005 | 20121008171156.53 | |
| 010 | @a7-81080-196-1@dCNY 12.70 | |
| 100 | @a20041009d2001 em y0chiy0121 ea | |
| 101 | 0 | @achi@aeng |
| 102 | @aCN@b310000 | |
| 105 | @aa z 000yy | |
| 200 | 1 | @a大学英语全新版综合教程@Ada xue ying yu quan xin ban zong he jiao cheng@dCollege English integrated course@h1@i教师用书@iTeacher's book@f季佩英, 吴晓真主编@zeng |
| 210 | @a上海@c上海外语教育出版社@d2001 | |
| 215 | @a168页@c图表@d24cm | |
| 225 | 2 | @a大学英语系列教材 |
| 300 | @a普通高等教育“十五”国家级规划教材 教育部推荐使用大学外语类教材 | |
| 320 | @a本书含附录 | |
| 410 | 0 | @12001 @a大学英语系列教材 |
| 510 | 1 | @aCollege English integrated course@iTeacher's book@zeng |
| 517 | 1 | @a教师用书 |
| 606 | 0 | @a英语@x高等学校@j教学参考资料 |
| 606 | 0 | @a阅读教学 |
| 606 | 0 | @a英语 |
| 690 | @aH319.4@v4 | |
| 701 | 0 | @a季佩英@Aji pei ying@4主编 |
| 701 | 0 | @a吴晓真@Awu xiao zhen@4主编 |
| 801 | 0 | @aCN@bQSSKt@c20110328 |
| 905 | @a10447@dH319.4@eJ175:1 | |
| 大学英语全新版综合教程=College English integrated course.1.教师用书.Teacher's book/季佩英, 吴晓真主编.-上海:上海外语教育出版社,2001 |
| 168页:图表;24cm.-(大学英语系列教材) |
| 普通高等教育“十五”国家级规划教材 教育部推荐使用大学外语类教材 |
| ISBN 7-81080-196-1:CNY 12.70 |
| ● |
| 相关链接 |
|
|
|
正题名:大学英语全新版综合教程
索取号:H319.4/J175:1
 
预约/预借
| 序号 | 登录号 | 条形码 | 馆藏地/架位号 | 状态 | 备注 |
| 1 | 428098 | 204280982 | 语言库209/209语言库 45排7列1层/ [索取号:H319.4/J175:1] | 在馆 | |
| 2 | 428099 | 204280991 | 社科二线400B/400B社科库 5排4列1层/ [索取号:H319.4/J175:1] | 在馆 | |
| 3 | 428100 | 204281008 | 语言库209/209语言库 45排7列1层/ [索取号:H319.4/J175:1] | 在馆 | |
| 4 | 428101 | 204281017 | 社科二线400B/400B社科库 4排1列6层/ [索取号:H319.4/J175:1] | 在馆 | |
| 5 | 428102 | 204281026 | 社科二线400B/400B社科库 5排4列1层/ [索取号:H319.4/J175:1] | 在馆 | |
| 6 | 462636 | 204626360 | 社科二线400B/400B社科库 5排4列1层/ [索取号:H319.4/J175:1] | 在馆 | |
| 7 | 462637 | 204626379 | 社科二线400B/400B社科库 5排4列1层/ [索取号:H319.4/J175:1] | 在馆 | |
| 8 | 462638 | 204626388 | 社科二线400B/400B社科库 5排4列1层/ [索取号:H319.4/J175:1] | 在馆 | |
| 9 | 462639 | 204626397 | 社科二线400B/400B社科库 4排4列1层/ [索取号:H319.4/J175:1] | 在馆 | |
| 10 | 462640 | 204626404 | 社科二线400B/400B社科库 4排3列6层/ [索取号:H319.4/J175:1] | 在馆 | |
| 11 | 471748 | 204717486 | 社科二线400B/400B社科库 5排4列1层/ [索取号:H319.4/J175:1] | 在馆 | |
| 12 | 471749 | 204717495 | 自科二线504/504自科库 45排1列5层/ [索取号:H319.4/J175:1] | 在馆 | |
| 13 | 471750 | 204717501 | 社科二线400B/400B社科库 5排4列1层/ [索取号:H319.4/J175:1] | 在馆 | |
| 14 | 471751 | 204717510 | 社科二线400B/400B社科库 5排4列1层/ [索取号:H319.4/J175:1] | 在馆 | |
| 15 | 471752 | 204717529 | 社科二线400B/400B社科库 5排4列1层/ [索取号:H319.4/J175:1] | 在馆 | |
| 16 | 471946 | 204719466 | 社科二线400B/400B社科库 4排4列1层/ [索取号:H319.4/J175:1] | 在馆 | |
| 17 | 471947 | 204719475 | 社科二线400B/400B社科库 5排4列1层/ [索取号:H319.4/J175:1] | 在馆 | |
| 18 | 471948 | 204719484 | 社科二线400B/400B社科库 5排4列1层/ [索取号:H319.4/J175:1] | 在馆 | |
| 19 | 471949 | 204719493 | 社科二线400B/400B社科库 4排2列6层/ [索取号:H319.4/J175:1] | 在馆 | |
| 20 | 471950 | 204719509 | 社科二线400B/400B社科库 5排4列1层/ [索取号:H319.4/J175:1] | 在馆 | |
| 21 | 487295 | 204872959 | 自科二线504/504自科库 23排2列2层/ [索取号:H319.4/J175:1] | 在馆 | |
| 22 | 487296 | 204872968 | 自科二线504/504自科库 23排2列3层/ [索取号:H319.4/J175:1] | 在馆 | |
| 23 | 487297 | 204872977 | 自科二线504/504自科库 23排2列3层/ [索取号:H319.4/J175:1] | 在馆 | |
| 24 | 487298 | 204872986 | 自科二线504/504自科库 23排2列3层/ [索取号:H319.4/J175:1] | 在馆 | |
| 25 | 487299 | 204872995 | 自科二线504/504自科库 23排2列3层/ [索取号:H319.4/J175:1] | 在馆 |